1391 1784 1722 1605 1028 1913 1155 1931 1739 1745 1607 1501 1875 1510 1229 1141 1293 1621 1368 1572 1885 1968 1655 1599 1456 1661 1478 1576 1036 1411 1603 1887 1479 1913 1734 1243 1970 1658 1109 1017 1601 1628 1840 1433 1289 1142 1397 1789 1536 1722 1186 1889 1176 1779 1804 1851 1474 1483 1683 1191 1760 1865 1362 1032 1355 1169 1720 1697 1604 1181 1271 1812 1510 1059 1211 1165 1584 1127 1684 1845 1915 1581 1071 1530 1753 1082 1742 1769 1189 1445 1078 1371 1640 1608 1659 1363 1466 1208 1220 BCNSPRNW ULIB Ver.6.0+V

เปลี่ยนเป็นภาษาไทย

Change to English
 แสดงรายละเอียดบรรณานุกรม
  กลับหน้าหลัก

Brief Record : Get Marc (ISO 2709) : E-mail record : QR code < ปิดหน้าต่าง
LEADER : 00000nam 2200000uu 4500
001    13399123339
003     ULIB
008    140825s2551||||th 000 0 tha d
099    วจ WB15^bบ247ก
100 0  บังอร ดวงรัตน์, นพมาศ เครือสุวรรณ และสมเพิ่ม สุขสมบูรณ์วงศ์
245 00 การพัฒนาหลักสูตรอบรมการให้รหัสโรค รหัสผ่าตัด และหัตถการของผู้ปฏิบัติงานด้านเวชระเบียน /^cบังอร ดวงรัตน์, นพมาศ เครือสุวรรณ และสมเพิ่ม สุขสมบูรณ์วงศ์
260    นนทบุรี :^bวิทยาลัยเทคโนโลยีทางการแพทย์และสาธารณสุข กาญจาภิเษก,^c2551
300    107 หน้า
650  0 รหัสโรค
650  0 รหัสผ่าตัดและหัตถการ
945    ^p0^l0^i026561
999    ^aเกษร โพธิ์สุวรรณ
รายการนี้ยังไม่มีแท็ก
คุณยังไม่ได้ล็อกอิน คุณสามารถมีกิจกรรมร่วมกับเว็บไซต์ได้ แต่ต้องล็อกอินก่อน ::
  ล็อกอิน

รายการสื่อสารสนเทศ

ลำดับที่ ประเภท เลขเรียก/บาร์โค้ด สถานที่ สถานะ
1. งานวิจัย
งานวิจัย
วจ WB15 บ247ก ฉ.1 
  Barcode: 026561
ห้องสมุดวิทยาเขตสวรรค์ประชารักษ์
►วิจัย
บนชั้น

รายการใกล้เคียง
    หัวเรื่อง [รหัสโรค]

BibComment


ยังไม่เคยถูกคอมเมนท์

คอมเมนท์ทรัพยากรรายการนี้
  คอมเมนท์: การพัฒนาหลักสูตรอ..


 Copyright 2026. Bcnsprnw @Library